Water Supply and Pollution Control: (Record no. 5743)

MARC details
000 -LEADER
fixed length control field 00587nam a22002177a 4500
003 - CONTROL NUMBER IDENTIFIER
control field OSt
005 - DATE AND TIME OF LATEST TRANSACTION
control field 20240625161733.0
008 - FIXED-LENGTH DATA ELEMENTS--GENERAL INFORMATION
fixed length control field 170324b xxu||||| |||| 00| 0 eng d
020 ## - INTERNATIONAL STANDARD BOOK NUMBER
International Standard Book Number 0136068286
040 ## - CATALOGING SOURCE
Transcribing agency DDC.
082 ## - DEWEY DECIMAL CLASSIFICATION NUMBER
Classification number 553.7 VIE 2005
100 ## - MAIN ENTRY--PERSONAL NAME
Personal name Viessman,Warren; [et..al]
9 (RLIN) 11954
245 ## - TITLE STATEMENT
Title Water Supply and Pollution Control:
250 ## - EDITION STATEMENT
Edition statement 8th ed.
260 ## - PUBLICATION, DISTRIBUTION, ETC. (IMPRINT)
Place of publication, distribution, etc. New Jersey:
Name of publisher, distributor, etc. Pearson Prentice Hall;
Date of publication, distribution, etc. 2009
300 ## - PHYSICAL DESCRIPTION
Extent xv,867p;
Other physical details iil:
Dimensions 25cm.
504 ## - BIBLIOGRAPHY, ETC. NOTE
Bibliography, etc includes index.
650 ## - SUBJECT ADDED ENTRY--TOPICAL TERM
Topical term or geographic name as entry element water supply
9 (RLIN) 809
650 ## - SUBJECT ADDED ENTRY--TOPICAL TERM
Topical term or geographic name as entry element pollution control
9 (RLIN) 17892
942 ## - ADDED ENTRY ELEMENTS (KOHA)
Source of classification or shelving scheme Dewey Decimal Classification
Koha item type Open Shelf
Holdings
Withdrawn status Lost status Source of classification or shelving scheme Damaged status Not for loan Home library Current library Date acquired Source of acquisition Inventory number Total Checkouts Full call number Barcode Date last seen Koha item type Price effective from
    Dewey Decimal Classification     MUST Main Library MUST Main Library 24/03/2017 Purchase 06/28161   553.7VIE 2005 2024-21334 24/03/2017 Open Shelf  
    Dewey Decimal Classification     MUST Main Library MUST Main Library 27/06/2024 Purchase 08/30831   553.7 VIE 2005 2024-21490 27/06/2024 Open Shelf 27/06/2024